<?xml version="1.0" encoding="UTF-8"?>
<collection xmlns="http://www.loc.gov/MARC21/slim">
 <record>
  <leader>00861nam a22001935a 4500</leader>
  <controlfield tag="001">EEA.libagro011429</controlfield>
  <controlfield tag="008">220804s2022####ag############000#0#spa#d</controlfield>
  <controlfield tag="005">20221017125931.0</controlfield>
  <datafield tag="245" ind1="1" ind2="0">
   <subfield code="a">Caracterización de dos suelos Molisoles en el Campo Napostá, DA-UNS /</subfield>
   <subfield code="c">Mauricio Borel y Agustín Buss.</subfield>
  </datafield>
  <datafield tag="260" ind1=" " ind2=" ">
   <subfield code="a">Bahía Blanca,</subfield>
   <subfield code="c">2022.</subfield>
  </datafield>
  <datafield tag="300" ind1=" " ind2=" ">
   <subfield code="a">68 h. :</subfield>
   <subfield code="b">il. (algunas col:) ;</subfield>
   <subfield code="c">30 cm.</subfield>
  </datafield>
  <datafield tag="500" ind1=" " ind2=" ">
   <subfield code="a">Técnico Superior Agrario en Suelos y Aguas) -- Universidad Nacional del Sur. Departamento de Agronomía, 2022.</subfield>
  </datafield>
  <datafield tag="530" ind1=" " ind2=" ">
   <subfield code="a">Disponible también en línea</subfield>
  </datafield>
  <datafield tag="100" ind1="1" ind2=" ">
   <subfield code="a">Borel, Mauricio.</subfield>
  </datafield>
  <datafield tag="700" ind1="1" ind2=" ">
   <subfield code="a">Buss, Agustín.</subfield>
  </datafield>
  <datafield tag="710" ind1="2" ind2=" ">
   <subfield code="a">Universidad Nacional del Sur.</subfield>
   <subfield code="b">Departamento de Agronomía.</subfield>
  </datafield>
  <datafield tag="082" ind1="0" ind2="4">
   <subfield code="a">631.478212</subfield>
  </datafield>
  <datafield tag="856" ind1="4" ind2="1">
   <subfield code="3">Acceso texto completo</subfield>
   <subfield code="u">https://repositoriodigital.uns.edu.ar/handle/123456789/6154</subfield>
  </datafield>
  <datafield tag="859" ind1=" " ind2=" ">
   <subfield code="a">AR-BbBCA</subfield>
   <subfield code="b">BIB. AGRONOMIA</subfield>
   <subfield code="h">631.478212</subfield>
   <subfield code="i">B731</subfield>
   <subfield code="p">2022/7231</subfield>
  </datafield>
 </record>
</collection>
